El espejo de la historia: problemas argentinos y perspectivas hispanoamericanas
Saved in:
| Hovedforfatter: | |
|---|---|
| Format: | Bog |
| Sprog: | spansk |
| Udgivet: |
Buenos Aires
Sudamericana
1998
|
| Udgivelse: | 2a. ed |
| Serier: | Colección Historia y Cultura
|
| Fag: | |
| Tags: |
Tilføj Tag
Ingen Tags, Vær først til at tagge denne postø!
|
MARC
| LEADER | 00000nam a2200000 a 4500 | ||
|---|---|---|---|
| 001 | UCQ6339 | ||
| 003 | CL-VaPUC | ||
| 008 | 981016e19980000AG |||||||||||||||||spa|d | ||
| 082 | 0 | 4 | |a 982 |b HAL |2 21 |
| 100 | |a Halperín Donghi, Tulio |e author |9 530101 | ||
| 245 | 1 | 3 | |a El espejo de la historia: problemas argentinos y perspectivas hispanoamericanas |
| 250 | |a 2a. ed | ||
| 300 | |a 347 p | ||
| 942 | |c BK | ||
| 945 | |d 19981016 00:00:00 |a aarredon | ||
| 260 | |a Buenos Aires |b Sudamericana |c 1998 | ||
| 650 | 0 | |a Historia |9 255047 | |
| 650 | 0 | |a Política |9 255312 | |
| 650 | 0 | |a Liberalismo |9 255715 | |
| 650 | 0 | |a Inmigración |9 268290 | |
| 650 | 7 | |a SIGLOS 19-20 |2 CL-VaPUC |9 267705 | |
| 651 | 0 | |a Argentina |9 254888 | |
| 651 | 0 | |a Latinoamérica |9 316393 | |
| 583 | |a last modification |c 19981016 00:00:00 |k Rodrigo Vera | ||
| 490 | 0 | |a Colección Historia y Cultura | |
| 999 | |c 276335 |d 276333 | ||
| 952 | |0 0 |1 0 |4 0 |6 982_000000000000000_HAL_1998 |7 0 |8 A |9 313521 |a BIBHIS |b BIBHIS |d 2019-11-20 |i 3469913 |l 1 |o 982 HAL 1998 |p 3469913 |r 2025-01-20 |s 2023-06-13 |w 2019-11-20 |y BK |k HIS | ||